00721nam a2200193Ia 450000500170000000800410001704000700005804100080012808200170013610000230015324500680017626000430024430000180028749000440030550001290034965000130047865100130049165100230050420240718121502.0130821s1976 ck gr spa  aCo-BoUCMbspacSandra Yazo (modificó)dSandra Yazo (modificó) aspa a986.103bT47 aTisnes, Roberto M. 3aLa independencia en la Costa Atlá ánticacRoberto M. Tisnes aBogotá (Colombia)bEdit. Kellyc1976 a444 páginas aBiblioteca de Historia Nacional ; v.134 aObra premiada en el Concurso ordenado por la Ley 12 de 1972, con motivo del 450 aniversario de la Fundación de Santa Marta04aHistoria aColombia aColombiaxHistoria